000 00592nam a22001697a 4500
999 _c63980
_d63980
005 20260302165103.0
008 260302s2023 enk||||| |||| 00| 0 eng d
020 _a9781787389472x
041 _aeng
080 _a61(520)+94 S-23
100 _aSasakawa, Yohei
_927035
245 _aMaking the Impossible Possible:
_bMy Work for Leprosy Elimination and Human Rights /
_c Yohei Sasakawa, Translated by Lucy North.
264 _aLondon :
_bHurst,
_c2023.
300 _a839 p.:
_bill.;
_c22 cm.
700 _aNorth, Lucy
_eმთარგმნელი
_927036
942 _2udc
_cᲬᲘᲒᲜᲘ